[Event "22. Torneo San Viator"]
[Site "Madrid ESP"]
[Date "2014.04.13"]
[Round "4.10"]
[White "Gutierrez Lopez, Carlos"]
[Black "Corrochano Utrilla, David"]
[Result "1-0"]
[WhiteElo "2115"]
[BlackElo "1710"]
[PlyCount "75"]
[EventDate "2014.03.23"]
[EventType "swiss"]
[EventRounds "9"]
[EventCountry "ESP"]
[SourceTitle "Ajedrez en Madrid"]
[Source "lmi"]
[SourceDate "2014.03.23"]
[SourceVersion "1"]
[SourceVersionDate "2014.07.21"]
[SourceQuality "1"]

1. e4 e6 2. d3 d5 3. Nd2 Nf6 4. Ngf3 c5 5. g3 Nc6 6. Bg2 Be7 7. O-O O-O 8. Re1
Qc7 9. e5 Nd7 10. Qe2 Nb4 11. Nf1 a5 12. Bf4 b6 13. h4 Ba6 14. a3 Nc6 15. N1h2
Rfe8 16. Ng5 h6 17. Qh5 hxg5 18. hxg5 g6 19. Qh6 Bf8 20. Qh4 Bg7 21. Ng4 Kf8
22. Nf6 Ke7 23. Bxd5 Rh8 24. Qg4 Bb7 25. Qf3 Rad8 26. Qg2 Kf8 27. Bf3 Rb8 28.
c3 Ne7 29. d4 Bxf3 30. Qxf3 Qb7 31. d5 Bxf6 32. exf6 Nxd5 33. Bxb8 Qxb8 34. c4
Rh5 35. cxd5 Rxg5 36. dxe6 fxe6 37. Rad1 Re5 38. Qf4 1-0

[Event "22. Torneo San Viator"]
[Site "Madrid ESP"]
[Date "2014.04.13"]
[Round "4.11"]
[White "Correas Aguilera, Eufemio"]
[Black "Bolea Jover, Jose"]
[Result "0-1"]
[WhiteElo "1727"]
[BlackElo "2035"]
[PlyCount "72"]
[EventDate "2014.03.23"]
[EventType "swiss"]
[EventRounds "9"]
[EventCountry "ESP"]
[SourceTitle "Ajedrez en Madrid"]
[Source "lmi"]
[SourceDate "2014.03.23"]
[SourceVersion "1"]
[SourceVersionDate "2014.07.21"]
[SourceQuality "1"]

1. Nf3 d6 2. c4 g6 3. g3 Bg7 4. Bg2 Nf6 5. O-O O-O 6. Nc3 Nc6 7. d3 e5 8. Rb1
Re8 9. b4 h6 10. b5 Nd4 11. Nxd4 exd4 12. Ne4 Nxe4 13. Bxe4 Bg4 14. Re1 Qc8 15.
Bd2 h5 16. Qb3 h4 17. c5 Be6 18. Bd5 dxc5 19. Bxe6 Qxe6 20. Qxe6 Rxe6 21. gxh4
Rae8 22. Kf1 Bf6 23. Bf4 R6e7 24. Bg3 b6 25. a4 Kg7 26. a5 Rh8 27. axb6 cxb6
28. e4 Bxh4 29. Ra1 Bxg3 30. hxg3 f5 31. Kg2 fxe4 32. Rxe4 Rxe4 33. Rxa7+ Kf6
34. dxe4 d3 35. Kf3 Rd8 36. Ra1 c4 0-1

[Event "22. Torneo San Viator"]
[Site "Madrid ESP"]
[Date "2014.04.13"]
[Round "4.13"]
[White "San Felipe Gonzalez, Tomas"]
[Black "Andalon Gomez, Carlos J"]
[Result "1-0"]
[WhiteElo "1701"]
[BlackElo "2000"]
[PlyCount "91"]
[EventDate "2014.03.23"]
[EventType "swiss"]
[EventRounds "9"]
[EventCountry "ESP"]
[SourceTitle "Ajedrez en Madrid"]
[Source "lmi"]
[SourceDate "2014.03.23"]
[SourceVersion "1"]
[SourceVersionDate "2014.07.21"]
[SourceQuality "1"]

1. d4 d5 2. c4 e6 3. cxd5 exd5 4. Nc3 Nf6 5. Bg5 Be7 6. e3 O-O 7. Bd3 Nbd7 8.
Nf3 c6 9. Qc2 h6 10. Bh4 Re8 11. h3 Nf8 12. O-O Ne4 13. Bxe7 Qxe7 14. Ne5 f6
15. Nf3 Bf5 16. Nh4 Bh7 17. Rfc1 g5 18. Nf3 f5 19. Ne2 Nd7 20. Nh2 Ndf6 21.
Rab1 Nxf2 22. Kxf2 Qxe3+ 23. Kf1 Ne4 24. Bxe4 fxe4 25. Ng4 Rf8+ 26. Ke1 Qd3 27.
Nxh6+ Kg7 28. Ng4 Qa6 29. Ra1 e3 30. Qc5 Rf7 31. Qd6 Re8 32. Qh6+ Kh8 33. Qxg5
Qa5+ 34. Rc3 Qc7 35. Rxe3 Ref8 36. Rf3 Rxf3 37. gxf3 Rxf3 38. Qe5+ Qxe5 39.
Nxe5 Rxh3 40. Kd2 Rh5 41. Rg1 Be4 42. Nf7+ Kh7 43. Ng5+ Kh8 44. Nxe4 dxe4 45.
Rg4 Rb5 46. Kc3 1-0

[Event "22. Torneo San Viator"]
[Site "Madrid ESP"]
[Date "2014.04.13"]
[Round "4.14"]
[White "Rosa Ramirez, Victor D"]
[Black "Rodriguez Alonso, Marcos"]
[Result "1-0"]
[WhiteElo "1989"]
[BlackElo "1695"]
[PlyCount "123"]
[EventDate "2014.03.23"]
[EventType "swiss"]
[EventRounds "9"]
[EventCountry "ESP"]
[SourceTitle "Ajedrez en Madrid"]
[Source "lmi"]
[SourceDate "2014.03.23"]
[SourceVersion "1"]
[SourceVersionDate "2014.07.21"]
[SourceQuality "1"]

1. e4 e5 2. Nf3 Nc6 3. Bc4 Bc5 4. O-O Nf6 5. d4 Bxd4 6. Nxd4 Nxd4 7. f4 d6 8.
fxe5 dxe5 9. Bg5 Be6 10. Na3 Qd7 11. Bxf6 gxf6 12. c3 Nc6 13. Qxd7+ Kxd7 14.
Rxf6 Ke7 15. Raf1 Bxc4 16. Nxc4 Raf8 17. Ne3 Nd8 18. R6f5 Ke6 19. Nc4 Nc6 20.
Rf6+ Ke7 21. R1f5 h5 22. Ne3 Rh7 23. Rf1 Nd8 24. Nd5+ Kd7 25. R6f5 Kd6 26. Rd1
Rh6 27. Rf6+ Rxf6 28. Nxf6+ Ke6 29. Nxh5 Rg8 30. Ng3 f6 31. Nf5 Nf7 32. Rf1 Ng5
33. Ng3 c6 34. Kf2 Nf7 35. Ke3 Nd6 36. b3 Rg4 37. c4 c5 38. Rd1 b6 39. Rd2 a6
40. a4 a5 41. Rd1 Ke7 42. Rd5 Ke6 43. Rd2 Rf4 44. h3 f5 45. exf5+ Nxf5+ 46.
Nxf5 Rxf5 47. Rf2 Rg5 48. g4 Rg8 49. Rf5 Rd8 50. Rh5 Rd1 51. Rh6+ Kf7 52. Rxb6
Rh1 53. Ke4 Rxh3 54. Kxe5 Rg3 55. Kf4 Rd3 56. g5 Rd1 57. Kf5 Rf1+ 58. Ke5 Rg1
59. g6+ Kg7 60. Kd5 Rg5+ 61. Kc6 Kxg6 62. Kb5+ 1-0

[Event "22. Torneo San Viator"]
[Site "Madrid ESP"]
[Date "2014.04.13"]
[Round "4.15"]
[White "Sotoca Aguado, Jose"]
[Black "Estebanez Cuesta, Alfredo"]
[Result "1-0"]
[WhiteElo "1964"]
[BlackElo "1578"]
[PlyCount "75"]
[EventDate "2014.03.23"]
[EventType "swiss"]
[EventRounds "9"]
[EventCountry "ESP"]
[SourceTitle "Ajedrez en Madrid"]
[Source "lmi"]
[SourceDate "2014.03.23"]
[SourceVersion "1"]
[SourceVersionDate "2014.07.21"]
[SourceQuality "1"]

1. c4 g6 2. d4 Bg7 3. e4 e6 4. Nc3 d6 5. Nf3 Ne7 6. Be2 b6 7. O-O Bb7 8. Bg5
Qd7 9. Qd2 f6 10. Bf4 h6 11. d5 e5 12. Bg3 g5 13. h4 Ng6 14. h5 Nf4 15. Bxf4
gxf4 16. Nh4 Qf7 17. Ng6 Rg8 18. Bg4 a6 19. Be6 Nd7 20. Qe2 Nf8 21. Bxf7+ Kxf7
22. g3 Nxg6 23. hxg6+ Kxg6 24. Kh2 fxg3+ 25. fxg3 Raf8 26. Qg4+ Kh7 27. Qd7 Bc8
28. Qxc7 f5 29. exf5 Rxf5 30. Rxf5 Bxf5 31. Qxd6 e4 32. Rf1 Rf8 33. Rxf5 Rxf5
34. Nxe4 Re5 35. Nf6+ Bxf6 36. Qxf6 Re2+ 37. Kh3 Rxb2 38. Qxb2 1-0

[Event "22. Torneo San Viator"]
[Site "Madrid ESP"]
[Date "2014.04.13"]
[Round "4.16"]
[White "Franco Rincon, David"]
[Black "Alonso Abad, Enrique"]
[Result "1/2-1/2"]
[WhiteElo "1685"]
[BlackElo "1917"]
[PlyCount "117"]
[EventDate "2014.03.23"]
[EventType "swiss"]
[EventRounds "9"]
[EventCountry "ESP"]
[SourceTitle "Ajedrez en Madrid"]
[Source "lmi"]
[SourceDate "2014.03.23"]
[SourceVersion "1"]
[SourceVersionDate "2014.07.21"]
[SourceQuality "1"]

1. b4 c6 2. Bb2 Qb6 3. a3 a5 4. c4 axb4 5. c5 Qc7 6. axb4 Rxa1 7. Bxa1 d6 8. d4
Nf6 9. Nf3 g6 10. e3 Bg7 11. Be2 O-O 12. O-O Nbd7 13. Nbd2 Nd5 14. Qb3 b5 15.
cxb6 N7xb6 16. Rc1 Qa7 17. Bb2 Qa4 18. b5 Qxb3 19. Nxb3 Na4 20. Ba1 cxb5 21.
Bxb5 Nab6 22. Nfd2 Bd7 23. Be2 Ra8 24. e4 Nf4 25. Bf1 Ra2 26. g3 Nh3+ 27. Kg2
h5 28. Rc7 Ng5 29. Kg1 Nh3+ 30. Kg2 Bh6 31. f4 g5 32. Rxd7 Nxd7 33. Kxh3 gxf4
34. gxf4 Bxf4 35. Bc3 Bxd2 36. Nxd2 Ra3 37. Nb1 Rb3 38. Bd3 Nf6 39. Bc2 Rb7 40.
Kg3 d5 41. exd5 Nxd5 42. Bd2 Rb2 43. Na3 Ra2 44. Bc1 Nc3 45. Kf3 Nb5 46. Nxb5
Rxc2 47. Bf4 Rb2 48. Nc7 Rb1 49. Bg3 e6 50. Ne8 Kh7 51. Nd6 Kg6 52. Ne4 Rb4 53.
Ke3 Rb3+ 54. Ke2 Ra3 55. Kf2 Rd3 56. Be5 Ra3 57. Ke2 Rb3 58. Kf2 Ra3 59. Ke2
1/2-1/2

[Event "22. Torneo San Viator"]
[Site "Madrid ESP"]
[Date "2014.04.13"]
[Round "4.17"]
[White "Barahona Torrijos, Angel"]
[Black "Gutierrez Chamorro, Alejandro"]
[Result "1-0"]
[WhiteElo "1870"]
[BlackElo "1555"]
[PlyCount "63"]
[EventDate "2014.03.23"]
[EventType "swiss"]
[EventRounds "9"]
[EventCountry "ESP"]
[SourceTitle "Ajedrez en Madrid"]
[Source "lmi"]
[SourceDate "2014.03.23"]
[SourceVersion "1"]
[SourceVersionDate "2014.07.21"]
[SourceQuality "1"]

1. e4 e6 2. d4 d5 3. Nc3 dxe4 4. Nxe4 Nd7 5. Nf3 Ngf6 6. Bd3 Be7 7. O-O c5 8.
Be3 Qc7 9. c3 Nd5 10. Bg5 N5f6 11. Nxf6+ Bxf6 12. d5 Bxg5 13. Nxg5 Nf6 14. dxe6
Bxe6 15. Bb5+ Kf8 16. Nxe6+ fxe6 17. Re1 Kf7 18. Qe2 Rhe8 19. Bxe8+ Rxe8 20.
Qe5 Qc6 21. Rad1 b6 22. Rd6 Qc8 23. Red1 Nd5 24. c4 Nf6 25. g4 Re7 26. g5 Ne8
27. Rd8 Qb7 28. Qf4+ Kg8 29. Rb8 Qc6 30. Rdd8 a6 31. Rbc8 Qa4 32. b3 1-0

[Event "22. Torneo San Viator"]
[Site "Madrid ESP"]
[Date "2014.04.13"]
[Round "4.18"]
[White "Ramos Pinto, Jose Maria"]
[Black "Garcia Sanjuan, Jose"]
[Result "0-1"]
[WhiteElo "1599"]
[BlackElo "1867"]
[PlyCount "128"]
[EventDate "2014.03.23"]
[EventType "swiss"]
[EventRounds "9"]
[EventCountry "ESP"]
[SourceTitle "Ajedrez en Madrid"]
[Source "lmi"]
[SourceDate "2014.03.23"]
[SourceVersion "1"]
[SourceVersionDate "2014.07.21"]
[SourceQuality "1"]

1. Nf3 b6 2. e4 Bb7 3. Nc3 e6 4. d4 Bb4 5. Bd3 d5 6. e5 c5 7. a3 Ba5 8. Bd2 c4
9. Be2 a6 10. O-O Nc6 11. Na2 Nge7 12. Bg5 Qc7 13. c3 b5 14. Nb4 Bb6 15. Nc2
Ng6 16. Nd2 h6 17. Be3 O-O-O 18. f4 Nge7 19. g4 g6 20. Kh1 Rdg8 21. Nf3 Qd8 22.
h4 Rg7 23. Kg2 Qg8 24. Kf2 Nb8 25. Rg1 Nd7 26. Qd2 Bd8 27. Rg2 Qh7 28. Rh1 Nb6
29. Nce1 Qg8 30. Rhg1 h5 31. g5 Nf5 32. Bd1 Bc6 33. Bc2 Ne7 34. Rg3 Bc7 35. Kf1
Kd7 36. Qf2 Qb8 37. R3g2 Qb7 38. Bc1 Rb8 39. Rh2 Rgg8 40. Rhg2 Rgc8 41. Nh2 Bd8
42. Ke2 Rc7 43. Nef3 Nbc8 44. Bd2 a5 45. Ra1 Qa6 46. Rgg1 Rcb7 47. Rgb1 Qb6 48.
Qe1 Ke8 49. Nf1 Bd7 50. Ng3 Qc7 51. Kf2 Kf8 52. Qe3 Nc6 53. Qe1 Be7 54. b4 cxb3
55. Rxb3 a4 56. Rbb1 Na5 57. Ne2 Nc4 58. Bc1 Kg8 59. Kg3 Qd8 60. Bd3 N8b6 61.
Bxc4 Nxc4 62. Nd2 Ne3 63. Ra2 Qc7 64. Ne4 Nf5+ 0-1

[Event "22. Torneo San Viator"]
[Site "Madrid ESP"]
[Date "2014.04.13"]
[Round "4.20"]
[White "Morera Rodriguez, Ignacio"]
[Black "Garcia Rojas, Juan Carlos"]
[Result "1-0"]
[WhiteElo "1843"]
[BlackElo "1548"]
[PlyCount "61"]
[EventDate "2014.03.23"]
[EventType "swiss"]
[EventRounds "9"]
[EventCountry "ESP"]
[SourceTitle "Ajedrez en Madrid"]
[Source "lmi"]
[SourceDate "2014.03.23"]
[SourceVersion "1"]
[SourceVersionDate "2014.07.21"]
[SourceQuality "1"]

1. d4 d5 2. c4 c6 3. Nf3 e6 4. Nc3 Nf6 5. e3 Bb4 6. Bd2 Bxc3 7. Bxc3 O-O 8. Bd3
Nbd7 9. Qc2 g6 10. c5 b5 11. a4 bxa4 12. Rxa4 Bb7 13. O-O Re8 14. Rfa1 Qb8 15.
Ba6 Ne4 16. Rb4 Nxc3 17. Qxc3 Qc7 18. Rxb7 Qd8 19. Qa5 Qxa5 20. Rxa5 Nf6 21.
Ne5 Rab8 22. Nxc6 Rxb7 23. Bxb7 Ne4 24. Rxa7 Nd2 25. Ra8 Rxa8 26. Bxa8 Nb3 27.
Ne5 Kf8 28. c6 f6 29. c7 fxe5 30. c8=Q+ Ke7 31. Qb7+ 1-0

[Event "22. Torneo San Viator"]
[Site "Madrid ESP"]
[Date "2014.04.13"]
[Round "4.21"]
[White "Rufo Yebra, Benito"]
[Black "Garcia Martin, Juan Manuel"]
[Result "0-1"]
[WhiteElo "1572"]
[BlackElo "1787"]
[PlyCount "80"]
[EventDate "2014.03.23"]
[EventType "swiss"]
[EventRounds "9"]
[EventCountry "ESP"]
[SourceTitle "Ajedrez en Madrid"]
[Source "lmi"]
[SourceDate "2014.03.23"]
[SourceVersion "1"]
[SourceVersionDate "2014.07.21"]
[SourceQuality "1"]

1. e3 Nf6 2. d4 d5 3. Nc3 Bf5 4. h3 e6 5. a3 c6 6. Nge2 Bd6 7. Ng3 Bxg3 8. fxg3
Ne4 9. Nxe4 Bxe4 10. Bd2 Nd7 11. Bc3 Qg5 12. Qe2 Qxg3+ 13. Kd2 Nf6 14. Rd1 Bg6
15. Kc1 Bh5 16. Qd3 Bxd1 17. Kxd1 Ne4 18. Be1 Nf2+ 19. Bxf2 Qxf2 20. Kc1 O-O
21. h4 Rfc8 22. g4 c5 23. dxc5 Qe1+ 24. Qd1 Qxe3+ 25. Kb1 Rxc5 26. Bd3 Rac8 27.
g5 e5 28. Re1 Qg3 29. Bf5 Rf8 30. Rg1 Qf4 31. Rf1 Qa4 32. h5 Qc6 33. Bxh7+ Kxh7
34. g6+ Kg8 35. h6 Qxg6 36. hxg7 Rfc8 37. Ka1 Rxc2 38. Qxd5 Rc1+ 39. Rxc1 Rxc1+
40. Ka2 Qe6 0-1

[Event "22. Torneo San Viator"]
[Site "Madrid ESP"]
[Date "2014.04.13"]
[Round "4.25"]
[White "Julian Serra, Rogelio"]
[Black "Andres Rodriguez, Florencio"]
[Result "1-0"]
[WhiteElo "1991"]
[BlackElo "1588"]
[PlyCount "65"]
[EventDate "2014.03.23"]
[EventType "swiss"]
[EventRounds "9"]
[EventCountry "ESP"]
[SourceTitle "Ajedrez en Madrid"]
[Source "lmi"]
[SourceDate "2014.03.23"]
[SourceVersion "1"]
[SourceVersionDate "2014.07.21"]
[SourceQuality "1"]

1. e4 c5 2. Nf3 Nc6 3. c3 d6 4. d4 cxd4 5. cxd4 e6 6. Nc3 a6 7. Bd3 Nf6 8. O-O
Be7 9. a3 Qc7 10. Re1 O-O 11. e5 dxe5 12. dxe5 Nd7 13. Qe2 h6 14. Bf4 Rd8 15.
Qe4 Nf8 16. Qe3 b5 17. Ne4 Qa7 18. Qe2 Nd4 19. Nxd4 Qxd4 20. Rad1 Qb6 21. Qh5
Ng6 22. Bxh6 gxh6 23. Qxh6 Nxe5 24. Nf6+ Bxf6 25. Bh7+ Kh8 26. Qxf6+ Kxh7 27.
Rxd8 Qxd8 28. Qxd8 Ng6 29. Rd1 Bb7 30. Qc7 Bxg2 31. Qxf7+ Kh6 32. Kxg2 Nh4+ 33.
Kh3 1-0

[Event "22. Torneo San Viator"]
[Site "Madrid ESP"]
[Date "2014.04.13"]
[Round "4.27"]
[White "Mateos Cordero, Francisco"]
[Black "Padin Lazaro, Jose Manuel"]
[Result "0-1"]
[WhiteElo "1597"]
[BlackElo "1862"]
[PlyCount "42"]
[EventDate "2014.03.23"]
[EventType "swiss"]
[EventRounds "9"]
[EventCountry "ESP"]
[SourceTitle "Ajedrez en Madrid"]
[Source "lmi"]
[SourceDate "2014.03.23"]
[SourceVersion "1"]
[SourceVersionDate "2014.07.21"]
[SourceQuality "1"]

1. d4 d5 2. c4 e6 3. Nc3 c5 4. cxd5 exd5 5. dxc5 d4 6. Ne4 Nc6 7. a3 Qd5 8.
Nd6+ Bxd6 9. cxd6 Qxd6 10. e3 Bf5 11. Bb5 Nge7 12. Qxd4 Qg6 13. g3 O-O 14. Bxc6
Nxc6 15. Qf4 Qe6 16. Nf3 Qd5 17. O-O Rfe8 18. Ne1 Bh3 19. Qf3 Qc4 20. Ng2 Ne5
21. Qe4 Qe2 0-1

[Event "22. Torneo San Viator"]
[Site "Madrid ESP"]
[Date "2014.04.13"]
[Round "4.28"]
[White "Valdes Sanchez, Jesus Manuel"]
[Black "Molina Garcia, Francisco J"]
[Result "0-1"]
[WhiteElo "1569"]
[BlackElo "1849"]
[PlyCount "97"]
[EventDate "2014.03.23"]
[EventType "swiss"]
[EventRounds "9"]
[EventCountry "ESP"]
[SourceTitle "Ajedrez en Madrid"]
[Source "lmi"]
[SourceDate "2014.03.23"]
[SourceVersion "1"]
[SourceVersionDate "2014.07.21"]
[SourceQuality "1"]

1. e4 c5 2. Nf3 d6 3. Be2 Nf6 4. Nc3 g6 5. d4 cxd4 6. Nxd4 Bg7 7. Be3 O-O 8. g4
Nc6 9. h3 d5 10. Nxc6 bxc6 11. e5 Nd7 12. f4 Qa5 13. a3 Rb8 14. b4 Qc7 15. h4
Nxe5 16. Bd4 Nd7 17. Bxg7 Kxg7 18. Qd2 e5 19. f5 e4 20. O-O-O Qe5 21. Qd4 Qxd4
22. Rxd4 Ne5 23. Rf1 Bb7 24. h5 Rbc8 25. f6+ Kg8 26. Na4 Rc7 27. Nc5 Nd7 28.
hxg6 Nxc5 29. gxh7+ Kxh7 30. bxc5 Kg6 31. Rdd1 Rh8 32. Rf4 Rh2 33. Kd2 Ba6 34.
Re1 Rb7 35. Ke3 d4+ 36. Kxd4 Rxe2 37. Rxe2 Bxe2 38. Rxe4 Rd7+ 39. Ke3 Bd1 40.
c4 Kxf6 41. Rf4+ Kg5 42. Rd4 Rxd4 43. Kxd4 Kxg4 44. Ke5 f5 45. Kd6 Ba4 46. Kc7
f4 47. Kb7 f3 48. Kxa7 f2 49. Ka6 0-1

[Event "22. Torneo San Viator"]
[Site "Madrid ESP"]
[Date "2014.04.13"]
[Round "4.29"]
[White "Villanueva Ortega, Ruben"]
[Black "Gallego Romero, Manuel"]
[Result "1-0"]
[WhiteElo "1793"]
[BlackElo "1531"]
[PlyCount "77"]
[EventDate "2014.03.23"]
[EventType "swiss"]
[EventRounds "9"]
[EventCountry "ESP"]
[SourceTitle "Ajedrez en Madrid"]
[Source "lmi"]
[SourceDate "2014.03.23"]
[SourceVersion "1"]
[SourceVersionDate "2014.07.21"]
[SourceQuality "1"]

1. e4 e5 2. f4 d6 3. d4 exd4 4. Qxd4 Nc6 5. Bb5 Bd7 6. Bxc6 Bxc6 7. Nc3 Nf6 8.
Bd2 g6 9. O-O-O Bg7 10. e5 dxe5 11. Qxe5+ Qe7 12. Qxe7+ Kxe7 13. Nf3 Rhd8 14.
Rhf1 Nd5 15. Nxd5+ Bxd5 16. Bb4+ Ke8 17. Rfe1+ Be6 18. Ng5 Rxd1+ 19. Kxd1 Kd7
20. Nxh7 Rh8 21. Ng5 Rxh2 22. Nxf7 Rxg2 23. Ng5 Rxg5 24. fxg5 Bxb2 25. c3 c5
26. Kc2 cxb4 27. Kxb2 bxc3+ 28. Kxc3 a6 29. a4 Bf5 30. a5 Kc6 31. Kb4 Kc7 32.
Re5 Bb1 33. Kc5 Bd3 34. Re7+ Kd8 35. Rxb7 Ke8 36. Kd6 Kf8 37. Ra7 Bc4 38. Kc5
Bd3 39. Kb6 1-0

[Event "22. Torneo San Viator"]
[Site "Madrid ESP"]
[Date "2014.04.13"]
[Round "4.30"]
[White "Petru, Marius Ioan"]
[Black "Fintineru Seuleanu, Antonio"]
[Result "0-1"]
[WhiteElo "1742"]
[BlackElo "1498"]
[PlyCount "62"]
[EventDate "2014.03.23"]
[EventType "swiss"]
[EventRounds "9"]
[EventCountry "ESP"]
[SourceTitle "Ajedrez en Madrid"]
[Source "lmi"]
[SourceDate "2014.03.23"]
[SourceVersion "1"]
[SourceVersionDate "2014.07.21"]
[SourceQuality "1"]

1. e4 c5 2. Nf3 Nc6 3. d4 cxd4 4. Nxd4 Nf6 5. f3 g6 6. Be3 Bg7 7. Nc3 Qb6 8.
Qd2 Nxe4 9. Ndb5 Nxd2 10. Bxb6 O-O 11. Be3 Nxf1 12. Rxf1 a6 13. Nc7 Rb8 14.
N7d5 Re8 15. O-O-O e6 16. Nb6 d5 17. Bf4 e5 18. Bg3 d4 19. Nca4 Be6 20. Kb1 Nb4
21. a3 Nd5 22. Nxd5 Bxd5 23. Nc5 Rbc8 24. b4 e4 25. c3 b6 26. Nxa6 Rxc3 27. Rc1
Rec8 28. a4 exf3 29. a5 Rc2 30. Rxc2 Be4 31. Kb2 Rxc2+ 0-1

[Event "22. Torneo San Viator"]
[Site "Madrid ESP"]
[Date "2014.04.13"]
[Round "4.31"]
[White "Campomanes Rodriguez, Javier"]
[Black "Bermejo Jimenez, Adolfo"]
[Result "1/2-1/2"]
[WhiteElo "1713"]
[BlackElo "1442"]
[PlyCount "122"]
[EventDate "2014.03.23"]
[EventType "swiss"]
[EventRounds "9"]
[EventCountry "ESP"]
[SourceTitle "Ajedrez en Madrid"]
[Source "lmi"]
[SourceDate "2014.03.23"]
[SourceVersion "1"]
[SourceVersionDate "2014.07.21"]
[SourceQuality "1"]

1. c4 e5 2. Nc3 Nf6 3. d3 h6 4. Nf3 Nc6 5. g3 Bc5 6. Bg2 Ng4 7. e3 Nf6 8. Nxe5
Nxe5 9. d4 Nxc4 10. dxc5 O-O 11. O-O c6 12. Qe2 Ne5 13. f4 Ng6 14. e4 Qa5 15.
Be3 b5 16. a3 Re8 17. b4 Qd8 18. e5 Qe7 19. Rfe1 Nh7 20. Nxb5 Ba6 21. a4 Rab8
22. Qd2 cxb5 23. axb5 Bxb5 24. Rxa7 Ngf8 25. c6 Rbc8 26. Bc5 Qd8 27. c7 Rxc7
28. Bb6 Qb8 29. Rxc7 Qxb6+ 30. Rc5 Ne6 31. Qd6 Qa7 32. Bd5 Nxc5 33. bxc5 Nf6
34. Bb3 Bc6 35. f5 Ne4 36. Bxf7+ Kxf7 37. e6+ dxe6 38. fxe6+ Rxe6 39. Rf1+ Rf6
40. Rxf6+ gxf6 41. Qxc6 Qxc5+ 42. Qxc5 Nxc5 43. Kf2 h5 44. Kf3 f5 45. Kf4 Kf6
46. h3 Nd3+ 47. Ke3 Ne5 48. Kf4 Ng6+ 49. Kf3 Ke5 50. Ke3 f4+ 51. Kf3 Kf5 52.
gxf4 Nxf4 53. Kg3 Kg5 54. h4+ Kf5 55. Kf3 Ng6 56. Kg3 Ke4 57. Kg2 Nxh4+ 58. Kh3
Nf3 59. Kg3 Ke3 60. Kg2 h4 61. Kh1 h3 1/2-1/2

[Event "22. Torneo San Viator"]
[Site "Madrid ESP"]
[Date "2014.04.13"]
[Round "4.32"]
[White "Santos Valdivia, Victor Manuel"]
[Black "Rodriguez Lucena, Angel"]
[Result "0-1"]
[WhiteElo "1512"]
[BlackElo "1706"]
[PlyCount "70"]
[EventDate "2014.03.23"]
[EventType "swiss"]
[EventRounds "9"]
[EventCountry "ESP"]
[SourceTitle "Ajedrez en Madrid"]
[Source "lmi"]
[SourceDate "2014.03.23"]
[SourceVersion "1"]
[SourceVersionDate "2014.07.21"]
[SourceQuality "1"]

1. e4 c6 2. Nc3 d5 3. Nf3 d4 4. Ne2 c5 5. d3 Nc6 6. Ng3 Qc7 7. c3 Bg4 8. h3
Bxf3 9. Qxf3 Ne5 10. Qd1 dxc3 11. bxc3 O-O-O 12. d4 cxd4 13. cxd4 Qc3+ 14. Bd2
Qxd4 15. Rc1+ Kb8 16. Qc2 Nc6 17. Bb5 Rd6 18. Rd1 Qb6 19. Bc4 Nd4 20. Qa4 Rf6
21. Qe8+ Kc7 22. O-O Nh6 23. Be3 Qc6 24. Qxc6+ Nxc6 25. Bd5 Kb8 26. Rb1 Rd6 27.
Bf4 e5 28. Bxc6 exf4 29. Rfc1 Rxc6 30. Rxc6 fxg3 31. fxg3 Be7 32. Rc4 Rd8 33.
Rb2 f6 34. Rbc2 b6 35. Kf2 Bc5+ 0-1

[Event "22. Torneo San Viator"]
[Site "Madrid ESP"]
[Date "2014.04.13"]
[Round "4.33"]
[White "Jimenez Gallego, Rafael"]
[Black "Charles Soria, Alberto"]
[Result "1-0"]
[WhiteElo "1455"]
[BlackElo "1646"]
[PlyCount "99"]
[EventDate "2014.03.23"]
[EventType "swiss"]
[EventRounds "9"]
[EventCountry "ESP"]
[SourceTitle "Ajedrez en Madrid"]
[Source "lmi"]
[SourceDate "2014.03.23"]
[SourceVersion "1"]
[SourceVersionDate "2014.07.21"]
[SourceQuality "1"]

1. Nf3 Nf6 2. Nc3 g6 3. d4 Bg7 4. e3 d5 5. Bd3 O-O 6. h3 Nbd7 7. e4 dxe4 8.
Nxe4 Nxe4 9. Bxe4 Nf6 10. Bd3 c5 11. dxc5 Qa5+ 12. Bd2 Qxc5 13. O-O Rd8 14. Qe2
e6 15. c3 Bd7 16. Ne5 Qe7 17. Bg5 Rac8 18. c4 Qe8 19. Ng4 Nxg4 20. Qxg4 f6 21.
Be3 e5 22. Qe2 b6 23. a4 Bxa4 24. b3 Bxb3 25. Rxa7 Rxd3 26. Qxd3 Bxc4 27. Qb1
Bxf1 28. Kxf1 b5 29. Qb4 Bf8 30. Qh4 Bg7 31. Bh6 Bh8 32. Qe4 Qc6 33. Qxc6 Rxc6
34. Ra8+ Kf7 35. Rxh8 f5 36. h4 g5 37. Ke2 Rc2+ 38. Kf3 f4 39. Bxg5 Rc3+ 40.
Ke2 Rc2+ 41. Kd3 Rc4 42. Rxh7+ Kg6 43. Rb7 Ra4 44. Rxb5 Ra2 45. g4 fxg3 46.
fxg3 Kh5 47. Rxe5 Rb2 48. Ke3 Rb3+ 49. Kf4 Rb4+ 50. Re4 1-0

[Event "22. Torneo San Viator"]
[Site "Madrid ESP"]
[Date "2014.04.13"]
[Round "4.34"]
[White "Lopez Mijail, Nicolas"]
[Black "Barragan Panal, Juan Jose"]
[Result "1-0"]
[WhiteElo "1389"]
[BlackElo "1630"]
[PlyCount "89"]
[EventDate "2014.03.23"]
[EventType "swiss"]
[EventRounds "9"]
[EventCountry "ESP"]
[SourceTitle "Ajedrez en Madrid"]
[Source "lmi"]
[SourceDate "2014.03.23"]
[SourceVersion "1"]
[SourceVersionDate "2014.07.21"]
[SourceQuality "1"]

1. e4 c6 2. d4 d5 3. e5 Bf5 4. Bd3 Bxd3 5. Qxd3 e6 6. Ne2 c5 7. c3 Qb6 8. Nd2
Nc6 9. O-O Nh6 10. f4 Rc8 11. a3 cxd4 12. cxd4 Nf5 13. Nf3 Na5 14. Bd2 Qb3 15.
Bc3 Nc4 16. Nd2 Qb6 17. Nxc4 dxc4 18. Qd2 Qc6 19. Rf2 Be7 20. Raf1 Bh4 21. g3
Bd8 22. g4 Ne7 23. Ng3 f5 24. gxf5 exf5 25. d5 Qg6 26. Kh1 Bb6 27. Bd4 Bxd4 28.
Qxd4 Qb6 29. Qd1 O-O 30. Qh5 Ng6 31. Nxf5 c3 32. bxc3 Rxc3 33. e6 Rc5 34. e7
Re8 35. Re2 Rxd5 36. Nh6+ gxh6 37. Qxd5+ Kg7 38. f5 Nxe7 39. Rxe7+ Rxe7 40. f6+
Kg6 41. Qf5+ Kf7 42. Qxh7+ Ke6 43. Qxe7+ Kd5 44. Rd1+ Kc4 45. Qb4+ 1-0

[Event "22. Torneo San Viator"]
[Site "Madrid ESP"]
[Date "2014.04.13"]
[Round "4.35"]
[White "Del Noval Nemeshazi, Mario"]
[Black "Perez Gonzalez, Manuel"]
[Result "0-1"]
[WhiteElo "1317"]
[BlackElo "1625"]
[PlyCount "46"]
[EventDate "2014.03.23"]
[EventType "swiss"]
[EventRounds "9"]
[EventCountry "ESP"]
[SourceTitle "Ajedrez en Madrid"]
[Source "lmi"]
[SourceDate "2014.03.23"]
[SourceVersion "1"]
[SourceVersionDate "2014.07.21"]
[SourceQuality "1"]

1. d4 d5 2. c4 c6 3. Nc3 Nf6 4. Bg5 e6 5. e3 Be7 6. Nge2 dxc4 7. Ng3 b5 8. a4
b4 9. Nce4 Nxe4 10. Nxe4 Bxg5 11. Bxc4 O-O 12. a5 Ba6 13. Qb3 Bxc4 14. Qxc4 Be7
15. Nc5 Bxc5 16. dxc5 Qd5 17. Qxb4 Qxg2 18. Rf1 Na6 19. Qc4 Nc7 20. h4 Rfd8 21.
Qc3 Nb5 22. Qe5 Qd5 23. Qg3 Qd2# 0-1